| 000 | 00989nam a22002897a 4500 | ||
|---|---|---|---|
| 001 | BR7907941 | ||
| 003 | BR-BrBNA | ||
| 005 | 20230928090319.0 | ||
| 007 | ta | ||
| 008 | 230509b bl.||||| |||| 00| 0 por d | ||
| 040 |
_aBR-BrBNA _bpor _cBiblioteca Nacional de Agricultura |
||
| 041 | _a(Por) | ||
| 072 |
_aF00; Q10 _b3575 _b/G514 |
||
| 090 | _ 3575 BR7907941 | ||
| 110 | 1 |
_aCompanhia Agropecuaria de Fomento Economico do Parana, Curitiba (Brasil) _92271 |
|
| 245 | 1 | _aProjeto para implantacao de infra-estruturas de producao, beneficiamento e armazenamento de sementes no estado do Parana. 2. Unidade de Guarapuava [Brasil] | |
| 260 | 3 |
_aCuritiba, PR (Brasil): _c1979. |
|
| 300 | _a9 p. | ||
| 500 | _a(*) Documento disponível no(a) Biblioteca Estadual da Agricultura, Curitiba, PR (Brazil) | ||
| 650 | _aSEMENTE | ||
| 650 | _aARMAZENAMENTO | ||
| 650 | _aBENEFICIAMENTO | ||
| 650 | _aGUARAPUAVA | ||
| 650 | _aPARANA | ||
| 909 |
_a202309 _bLucia _c55 _dLucia Elande |
||
| 942 | _cBK | ||
| 999 |
_c28409 _d28409 |
||